00377nam a2200109 i 4500001000300000245008800003260002100091040000800112041000800120008004100128856009800169bg 0aScientific and technical books and serials in print.nVol. 1,pBooks-subject index. aNew York,c1986. cBPK apol s pl f |000 0 pol  uhttp://koha.tu.koszalin.pl/cgi-bin/koha/opac-detail.pl?biblionumber=23119yKatalog online BPK